1821 1173 1733 1352 1723 1623 1002 1101 1889 1006 1393 1154 1782 1406 1621 1933 1357 1868 1078 1284 1442 1727 1352 1739 1397 1517 1045 1195 1035 1864 1155 1098 1902 1602 1185 1782 1794 1071 1338 1388 1556 1525 1577 1427 1322 1268 1086 1990 1333 1970 1478 1146 1260 1418 1028 1333 1711 1184 1579 1899 1902 1379 1535 1978 1960 1386 1698 1709 1751 1556 1933 1362 1748 1930 1157 1228 1996 1047 1976 1398 1971 1372 1316 1627 1207 1846 1071 1783 1754 1145 1541 1970 1982 1066 1040 1892 1248 1680 1344 BCNSPRNW ULIB Ver.6.0+V

เปลี่ยนเป็นภาษาไทย

Change to English
 แสดงรายละเอียดบรรณานุกรม
  กลับหน้าหลัก

Brief Record : Get Marc (ISO 2709) : E-mail record : QR code < ปิดหน้าต่าง
LEADER : 00000nam 2200000uu 4500
001    13399123795
003     ULIB
008    141128s2557||||th 000 0 tha d
020    ^a9786163612144
060  4 ^aWS100^bส238ก ล.2
245 00 ^aกุมารเวชศาสตร์ 2/^cบรรณาธิการโดย สมบูรณ์ จันทร์สกุลพร และคนอื่น ๆ
250    ^aพิมพ์ครั้งที่ 2
260    ^aกรุงเทพฯ:^bคณะแพทยศาสตร์ มหาวิทยาลัยศรีนครินทรวิโรฒ,^c2557.
300    ^a578 หน้า
650  0 ^aกุมารเวชศาสตร์
700 0  ^aสมบูรณ์ จันทร์สกุลพร,^eบรรณาธิการ
945    ^p400^l0^i22086
945    ^p400^l0^i22087
945    ^p400^l0^i22088
945    ^p400^l0^i22089
945    ^p400^l0^i22090
999    ^aทศพร เกษรทอง
รายการนี้ยังไม่มีแท็ก
คุณยังไม่ได้ล็อกอิน คุณสามารถมีกิจกรรมร่วมกับเว็บไซต์ได้ แต่ต้องล็อกอินก่อน ::
  ล็อกอิน

รายการสื่อสารสนเทศ

ลำดับที่ ประเภท เลขเรียก/บาร์โค้ด สถานที่ สถานะ
1. วิทยาศาสตร์การแพทย์ และสุขภาพ
วิทยาศาสตร์การแพทย์ และสุขภาพ
สถานะ=หนังสือเก่า
WS100 ส238ก ล.2 ฉ.1 
  Barcode: 22086
ห้องสมุดวิทยาเขตนครสวรรค์
►ส่วนจัดเก็บหนังสือเก่า นว.
บนชั้น
  ขอยืม
2. วิทยาศาสตร์การแพทย์ และสุขภาพ
วิทยาศาสตร์การแพทย์ และสุขภาพ
สถานะ=หนังสือเก่า
WS100 ส238ก ล.2 ฉ.2 
  Barcode: 22087
ห้องสมุดวิทยาเขตนครสวรรค์
►ส่วนจัดเก็บหนังสือเก่า นว.
บนชั้น
  ขอยืม
3. วิทยาศาสตร์การแพทย์ และสุขภาพ
วิทยาศาสตร์การแพทย์ และสุขภาพ
สถานะ=หนังสือเก่า
WS100 ส238ก ล.2 ฉ.3 
  Barcode: 22088
ห้องสมุดวิทยาเขตนครสวรรค์
►ส่วนจัดเก็บหนังสือเก่า นว.
บนชั้น
  ขอยืม
4. วิทยาศาสตร์การแพทย์ และสุขภาพ
วิทยาศาสตร์การแพทย์ และสุขภาพ
สถานะ=หนังสือเก่า
WS100 ส238ก ล.2 ฉ.4 
  Barcode: 22089
ห้องสมุดวิทยาเขตนครสวรรค์
►ส่วนจัดเก็บหนังสือเก่า นว.
บนชั้น
  ขอยืม
5. วิทยาศาสตร์การแพทย์ และสุขภาพ
วิทยาศาสตร์การแพทย์ และสุขภาพ
สถานะ=หนังสือเก่า
WS100 ส238ก ล.2 ฉ.5 
  Barcode: 22090
ห้องสมุดวิทยาเขตนครสวรรค์
►ส่วนจัดเก็บหนังสือเก่า นว.
บนชั้น
  ขอยืม

รายการใกล้เคียง
    หัวเรื่อง [กุมารเวชศาสตร์]

BibComment


ยังไม่เคยถูกคอมเมนท์

คอมเมนท์ทรัพยากรรายการนี้
  คอมเมนท์: กุมารเวชศาสตร์ 2..


 Copyright 2026. Bcnsprnw @Library